000 00717nam a2200289Ia 4500
005 20260324131954.0
008 008 260324s9999 xx 000 0 eng d
020 _a9780203391075
037 _aEBOOK
040 _aCRL
040 _beng
040 _cCRL
041 _2eng
041 _aeng
084 _qCRL
100 _aKathy Goouch; Teresa Grainger; Andrew Lambirth
_91187547
245 0 _aCreativity and Writing
245 0 _bDeveloping Voice and Verve in the Classroom
260 _bTaylor and Francis
260 _c2005
365 _a
365 _b290
856 _uhttp://www.taylorfrancis.com/books/9780203391075
942 _cEBOOK
999 _c1785178
_d1785178